Sanat: "Yö väistyy" - Pentti Hietanen - Statistics

Yleistilastot
  • Tätä visaa on pelattu 11 kertaa
  • Keskiarvotulos 87 / 142
Vastaustilastot
Vastaus % Oikein
väistyy
100%
100%
100%
ja
89%
Kukat
89%
kukat
89%
89%
nostaa
89%
nousee
89%
sarastaa
89%
tuuli
89%
auringolle
78%
maljojaan
78%
saa
78%
saan
78%
uuden
78%
autereen
67%
jälleen
67%
kun
67%
Kun
67%
on
67%
onnen
67%
Onnen
67%
Sen
67%
sen
67%
sineen
67%
varjo
67%
aamun
56%
jäi
56%
ken
56%
kuljin
56%
mun
56%
olin
56%
sai
56%
sain
56%
sun
56%
synkän
56%
talven
56%
teitä
56%
vain
56%
yön
56%
aamuihin
44%
aamuihini
44%
Ei
44%
jaan
44%
kanssas
44%
luokse
44%
Nyt
44%
onni
44%
pilvet
44%
eilinen
33%
haipuu
33%
Hän
33%
hän
33%
hiipii
33%
joka
33%
kohtaloaan
33%
kuin
33%
pakenee
33%
pois
33%
tieltä
33%
tietää
33%
turhaan
33%
vaan
33%
huiputtain
22%
hukkaa
22%
kaiken
22%
kannoillaan
22%
maailmalle
22%
milloinkaan
22%
niin
22%
rakkahin
22%
rauhaa
22%
tuuliin
22%
Ehtoja vastaavia visoja ei löytynyt
Tulosjakauma
Jokaisen tuloksen saaneiden osuus
Persentiili vastausten määrän mukaan
Tuloshistoriasi
Et ole pelannut tätä visaa